000
00349nam a2200145Ia 4500
008
100122s9999 xx 000 0 und d
082
_b
30136
_a
840
100
_a
DONDO M
245
_a
MODERN FRENCH COURSE
260
_b
D.CMEHTA & CO
_c
1939
300
_a
546
630
_a
MODERN FRENCH COURSE
730
_a
MODERN FRENCH COURSE
942
_c
BOOK
999
_c
369541
_d
369538